000
00335nam a2200133Ia 4500
008
100328s9999 xx 000 0 und d
082
_b
26255
100
_a
राजाध्यक्ष विजया
245
_a
आांतर
260
_b
सन
630
_a
आांतर
730
_a
आांतर
942
_c
BOOK
999
_c
518725
_d
518722